Catalog

Record Details

Catalog Search



Available copies

  • 1 of 1 copy available at LARL/NWRL Consortium. (Show)
  • 1 of 1 copy available at Lake Agassiz Regional Library.

Current holds

0 current holds with 1 total copy.

Show Only Available Copies
Location Call Number / Copy Notes Barcode Shelving Location Status Due Date
Ada Public Library J LAY (Text) 33500009989179 Main Available -

Record details

  • ISBN: 9780805087086 (alk. paper)
  • ISBN: 0805087087 (alk. paper)
  • Physical Description: 150 p. : ill., map ; 22 cm.
  • Edition: 1st American ed.
  • Publisher: New York : Henry Holt and Co., 2008.

Content descriptions

General Note:
Originally published: Great Britain : Hachette Children's Books, 2006.
Summary, etc.:
Woolly mammoth siblings Oscar and Arabella enjoy ... Read More
Subject: Woolly mammoth > Juvenile fiction.
Mammoths > Juvenile fiction.
Schools > Juvenile fiction.
Brothers and sisters > Juvenile fiction.
Animals, Fossil > Juvenile fiction.
Prehistoric peoples > Juvenile fiction.
Glacial epoch > Juvenile fiction.
Woolly mammoth > Fiction.
Mammoths > Fiction.
Schools > Fiction.
Brothers and sisters > Fiction.
Animals, Fossil > Fiction.
Prehistoric peoples > Fiction.
Glacial epoch > Fiction.
LDR 02069cam a22004934a 4500
001100215
003LARL_NWRL_CONSORTIUM
00520090128110727.0
008080104r20082006nyuab b 000 1 eng
010 . ‡a2007046935
020 . ‡a9780805087086 (alk. paper)
020 . ‡a0805087087 (alk. paper)
035 . ‡a(OCoLC)190859378
040 . ‡aDLC ‡cDLC ‡dIG# ‡dBTCTA ‡dBAKER
042 . ‡alcac
08200. ‡a[Fic] ‡222
1001 . ‡aLayton, Neal. ‡0(LARL_NWRL_CONSORTIUM)125988
24514. ‡aThe Mammoth Academy / ‡cNeal Layton.
2463 . ‡aWelcome to-- the Mammoth Academy
250 . ‡a1st American ed.
260 . ‡aNew York : ‡bHenry Holt and Co., ‡c2008.
300 . ‡a150 p. : ‡bill., map ; ‡c22 cm.
500 . ‡aOriginally published: Great Britain : Hachette Children's Books, 2006.
520 . ‡aWoolly mammoth siblings Oscar and Arabella enjoy being at Mammoth Academy, but Oscar is accused of stealing oranges and when he follows some mysterious tracks to find the real thief, he discovers humans living nearby.
650 0. ‡aWoolly mammoth ‡vJuvenile fiction.
650 0. ‡aMammoths ‡vJuvenile fiction.
650 0. ‡aSchools ‡vJuvenile fiction. ‡0(LARL_NWRL_CONSORTIUM)167227
650 0. ‡aBrothers and sisters ‡vJuvenile fiction. ‡0(LARL_NWRL_CONSORTIUM)163775
650 0. ‡aAnimals, Fossil ‡vJuvenile fiction.
650 0. ‡aPrehistoric peoples ‡vJuvenile fiction.
650 0. ‡aGlacial epoch ‡vJuvenile fiction.
650 1. ‡aWoolly mammoth ‡vFiction.
650 1. ‡aMammoths ‡vFiction.
650 1. ‡aSchools ‡vFiction. ‡0(LARL_NWRL_CONSORTIUM)167222
650 1. ‡aBrothers and sisters ‡vFiction. ‡0(LARL_NWRL_CONSORTIUM)163634
650 1. ‡aAnimals, Fossil ‡vFiction.
650 1. ‡aPrehistoric peoples ‡vFiction. ‡0(LARL_NWRL_CONSORTIUM)166727
650 1. ‡aGlacial epoch ‡vFiction. ‡0(LARL_NWRL_CONSORTIUM)169118
901 . ‡a100215 ‡bOCLC ‡c100215 ‡tbiblio

Additional Resources